000 00464nam a2200181Ia 4500
005 20250326125647.0
008 250326s9999 xx 000 0 und d
037 _aTextbook
040 _aFMSL
_beng
_cFMSL
041 _aeng
_2eng
084 _aX:97 L6
_qFMSL
100 _aYoga M
_9738871
245 0 _aHuman relations
_cYoga M
260 _aNew Delhi
_bNew Delhi, NPC
_c1976
300 _a40p
942 _cTB
_hX:97 L6
999 _c1279001
_d1279001